Animaux aléatoires dans les jeux Nintendo - Statistiques

Statistiques générales
  • Ce quiz a été pris 431 fois
  • Le résultat moyen est 5 sur 10
Statistiques - réponses
Indices Animaux % Correct
Gorille à cravate Donkey Kong
92%
Petit singe ami de DK Diddy Kong
90%
Tortue ennemie de Mario Koopa
86%
Renard meneur de l'équipe Star Fox Fox McLoud
75%
Tortue volant sur un nuage Lakitu
71%
Duo chien-canard Duck Hunt
70%
Chien secrétaire de mairie Marie
65%
Tanuki businessman Tom Nook
64%
Oiseau de l'équipe Star Fox Falco Lombardi
63%
Humanoïde pouvant se changer en calamar Inkling
62%
Poisson rouge ennemi de Mario Cheep Cheep
60%
Chien chanteur et guitariste Kéké Laglisse
60%
Loup meneur de l'équipe rivale de la Star Fox Wolf O'Donnell
60%
Crocodile ennemi des Kong King K. Rool
55%
Pingouin autoproclamé roi de Dreamland Roi Dadidou
53%
Chenille jaune susceptible Wiggler
51%
Singe doyen des Kong Cranky Kong
48%
Calamar blanc ennemi de Mario Bloops
46%
Maire tortue Tortimer
46%
Petit singe amoureuse de Diddy Dixie Kong
41%
Renard escroc vendeur d’œuvres d'art Rounard
41%
Taupe souvent furieuse et anti-réinitialisation Resetti
40%
Abeille monarque du royaume des abeilles Reine des abeilles
34%
Hibou conservateur d'un musée Thibou
34%
Métamorphose de Link au Crépuscule Link Loup
25%
Mécanicien grenouille de l'équipe Star Fox Slippy Toad
19%
Chien fantôme Ectochien
11%
Lapin de l'équipe Star Fox Peppy Hare
11%
Hamster ami de Kirby Rick
11%
Poisson ami de Kirby Kine
3%
Hibou ami de Kirby Coo
2%
Aucun quiz correspondant
Distribution des résultats
% des personnes avec chaque résultat
Percentile par nombre de réponses
Votre historique - résultats
Vous n’avez pas pris ce quiz